000 01554ncm a2200325 i 4500
001 170752
003 ES-MaACL
005 20250831080531.0
007 qu
008 170111s2011 sp ||| |||||||| | lat d
020 _a978-84-86878-21-4
110 2 _aIglesia Católica
_94639
245 1 0 _aLiber antiphonarium de toto anni circulo a festivitate sancti Aciscli usque ad finem [
_hMúsica impresa]
_b: Cathedralis Ecclesiae Legionensis in Hispania Codex signatus nr. VIII /
_c[curavit Ismael Fernández de la Cuesta].
246 3 3 _aAntifonario de Léon
250 _aEd. facs.
260 _a[Madrid] :
_bInstituto Nacional de las Artes Escénicas y de la Música ;
_a[León] :
_bCabildo de la S.I. Catedral,
_c2011 (
_fJulio Soto)
300 _a1 partitura (306 h.) :
_bil. col. ;
_c34 cm.
534 _pReprod. facsímil de:
_aLiber Antiphonarium de toto anni circulo a festivitate Sancti Aciscli usque ad finem. Librum Ikilani Abbati
_lCatedral de León, códice 8.
610 2 4 _aIglesia Católica-
_xRito mozárabe
_94656
650 4 _aMúsica-
_vManuscritos.
_9161533
650 4 _aMúsica religiosa
_915417
655 7 _2tgfbne
_9226495
_aFacsímiles
700 1 _aFernández de la Cuesta, Ismael.
_949666
710 2 _aCatedral de León.
_bCabildo.
_9155688
852 _aES-MaACL
_jA-13967
_9177373
_bR.150830
_cDEPO1
_dOlim: N-6967
_hDonación: Real Academia Española
_x- Enc. cart.
914 _96336
_aReal Academia Española
_ednr
942 _2udc
_cMONOGRAFIA
999 _c170752
_d170752